Tập viết tiếng Nhật Kanji

Đã lưu trong:
Bibliografiske detaljer
Hovedforfatter: Thảo Nguyên (Chủ biên)
Format: Bog
Sprog:Vietnamese
Udgivet: Hà Nội Dân trí 2018
Fag:
Tags: Tilføj Tag
Ingen Tags, Vær først til at tagge denne postø!
Thư viện lưu trữ: Trung tâm Học liệu Lê Vũ Hùng, Trường Đại học Đồng Tháp
LEADER 00739pam a22002418a 4500
001 00042906
008 160217s2014 ||||||Engsd
005 20181026111054.0
020 # # |c 40000  |a 9786048851279 
041 0 # |a vie 
082 1 4 |a 495.6  |b T123V 
100 1 # |e Chủ biên  |a Thảo Nguyên 
245 1 0 |a Tập viết tiếng Nhật Kanji  |c Thảo Nguyên (ch.b) 
260 # # |a Hà Nội  |b Dân trí  |c 2018 
300 # # |a 110 tr.  |c 24 cm. 
653 # # |a Chữ Kanji 
653 # # |a Ngôn ngữ 
653 # # |a Tiếng Nhật 
653 # # |a Tập viết 
653 # # |a Tự học 
852 # # |j KD.0024385 
910 0 # |d 26/10/2018 
980 # # |a Trung tâm Học liệu Lê Vũ Hùng, Trường Đại học Đồng Tháp